Consultation draft of the transport plan for the London 2012 Olympic Games and Paralympic Games (Record no. 106116)

MARC details
000 -LEADER
fixed length control field 01155cam a2200217 4500
001 - CONTROL NUMBER
control field ##L135620
008 - FIXED-LENGTH DATA ELEMENTS--GENERAL INFORMATION
fixed length control field 061116n2006 000 0 eng u
035 ## - SYSTEM CONTROL NUMBER
System control number (Sirsi) u135620
041 0# - LANGUAGE CODE
Language code of text/sound track or separate title eng
050 04 - LIBRARY OF CONGRESS CALL NUMBER
Classification number 711.7 $2 18
110 2# - MAIN ENTRY--CORPORATE NAME
Corporate name or jurisdiction name as entry element Olympic Delivery Authority
9 (RLIN) 5117
245 00 - TITLE STATEMENT
Title Consultation draft of the transport plan for the London 2012 Olympic Games and Paralympic Games
Remainder of title summary
Medium [electronic resource]
260 ## - PUBLICATION, DISTRIBUTION, ETC.
Place of publication, distribution, etc. London
Name of publisher, distributor, etc. London 2012
Date of publication, distribution, etc. 2006
520 ## - SUMMARY, ETC.
Summary, etc. Consults on the transport strategy for the London Olympics 2012. Covers Olympic family transport, spectator and workforce transport, competition venues, road events, regional football stadia, non-competition venues, the Paralympic Games, ceremonies and cultural events, freight and servicing, transport co-ordination, transport legacy and the transport programme for delivery.
590 ## - LOCAL NOTE (RLIN)
Local note KA
650 24 - SUBJECT ADDED ENTRY--TOPICAL TERM
Topical term or geographic name entry element OLYMPIC GAMES 2012
651 #4 - SUBJECT ADDED ENTRY--GEOGRAPHIC NAME
Geographic name LONDON
690 ## - LOCAL SUBJECT ADDED ENTRY--TOPICAL TERM (OCLC, RLIN)
Topical term or geographic name as entry element PROPERTY-INFRASTRUCTURE
856 40 - ELECTRONIC LOCATION AND ACCESS
Uniform Resource Identifier <a href="https://www.london2012.com/documents/oda-transport/transportplansummarypart1accessibleversion.pdf">https://www.london2012.com/documents/oda-transport/transportplansummarypart1accessibleversion.pdf</a>
Public note View the consultation draft free of charge at www.london2012.com
942 ## - ADDED ENTRY ELEMENTS (KOHA)
Suppress in OPAC 0
Holdings
Withdrawn status Lost status Source of classification or shelving scheme Damaged status Not for loan Home library Current library Shelving location Date acquired Total Checkouts Full call number Barcode Date last seen Copy number Price effective from Koha item type
    Dewey Decimal Classification     Virtual Virtual Online 16/11/2006   ONLINE PUBLICATION 135620-2001 06/08/2019 1 06/08/2019 Book